MARC

LEADER 00000nam0a2200000 4500
001 228385
005 20231101230855.0
020 |a RU  |b 89-76026 
035 |a (RuTPU)RU\TPU\book\248854 
090 |a 228385 
100 |a 20121219d1989 k y0rusy5003 ca 
101 0 |a rus 
102 |a UA 
105 |a a z 001zy 
200 1 |a Способы и технические средства обеспечения безопасных и здоровых условий труда на угольных шахтах  |e сборник научных трудов  |f Государственный макеевский научно-исследовательский институт по безопасности работ в горной промышленности ; под ред. А. И. Боброва 
210 |a Донбасс  |c МакНИИ  |d 1989 
215 |a 151 с.  |c ил.  |d 20 см 
320 |a Библиогр. в конце статей 
606 1 |a Угольные шахты  |x Организация труда  |x Физиологические основы  |2 stltpush  |3 (RuTPU)RU\TPU\subj\62904  |9 79959 
610 1 |a охрана труда 
610 1 |a технические средства 
610 1 |a условия труда 
610 1 |a уголь 
610 1 |a добыча 
610 1 |a Донбасс 
675 |a 622.333.012.2:658.3  |z rus  |v 3 
702 1 |a Бобров  |b А. И.  |g Анатолий Иванович  |4 340 
712 0 2 |a Макеевский научно-исследовательский институт по безопасности работ в горной промышленности (МакНИИ)  |2 stltpush  |3 (RuTPU)RU\TPU\col\15485 
801 0 |a RU  |b RuMRKP  |c 19950417  |g psbo 
801 1 |a RU  |b 63413507  |c 20121219 
801 2 |a RU  |b 63413507  |c 20130904  |g RCR 
942 |c BK